| 000 | 01499nam0a2200385 4500 | ||
|---|---|---|---|
| 001 | RU\NLR\ONL2\5628 | ||
| 005 | 20250708191808.0 | ||
| 035 | _a(NLR Aleph) 009653226 | ||
| 090 |
_a9579249 _c9579249 |
||
| 100 | _a20060802d1933 |||y0rusy50 ca | ||
| 101 | 0 | _atun | |
| 102 | _aRU | ||
| 105 | _aa ||||||||| | ||
| 135 | _acrcn 024anaba | ||
| 200 | 1 |
_aTanin šarin dukuwun _fP. N. Zulew _gВ сост. кн. принимали участие Г. Д. Вербов и Т. С. Карпова |
|
| 210 |
_aM. _aL. _cUcpedgiz _d1933 |
||
| 215 |
_a62,[2] с. _cил. _d23 |
||
| 325 | _aКопия доступна в Электрон. б-ке РНБ | ||
| 541 | 1 |
_6z01790 _aКнига для чтения _eдля 1 кл. _zrus |
|
| 606 | 0 |
_aЭвенкийский язык _91445086 _3RU\NLR\auth\66611845 |
|
| 686 | 1 | _aШ165.11-94 | |
| 700 | 1 |
_aZulew _bP. N. _4070 |
|
| 790 | 1 |
_6z01541 _aЖулев _bП. Н. _4070 |
|
| 801 | 0 |
_aRU _bNLR _c20060802 _gPSBO |
|
| 852 |
_aNLR _bОНЛ _jЭвенк./3-61 |
||
| 856 | 0 | _uhttps://vivaldi.nlr.ru/bx000037279/view | |
| 856 | 1 | _uhttps://vivaldi.nlr.ru/bx000037279/cover | |
| 856 | 2 | _uhttps://vivaldi.nlr.ru/bx000037279/text | |
| 901 | _eКнижные издания: ОНЛ | ||
| 942 | _cBOOK | ||
| 980 | _aNB | ||
| 980 | _aONL_RF | ||
| 981 | 2 | 3 |
_a(23) Национальные литературы _b(23) Книги на национальных языках |